| 000 | 02184nam0a2200445 4500 | ||
|---|---|---|---|
| 001 | RU\NLR\bibl\1675952 | ||
| 005 | 20260405211333.0 | ||
| 010 |
_a978-5-9948-0396-7 _9100 |
||
| 021 |
_aRU _b2010-61592 _94035 |
||
| 035 | _a(nilc)RSL-KNO-004717903 | ||
| 035 | _a(NLR Aleph) 001667189 | ||
| 090 |
_a1018549 _c1018549 |
||
| 100 | _a20100809d2009 |||y0rusy50 ca | ||
| 101 | 0 | _arus | |
| 102 | _aRU | ||
| 105 | _aa ||||||||| | ||
| 200 | 1 |
_aМаркетинг-система взаимодействия конкурирующих структур бизнеса _eмонография _fИ.А. Иванюк, О.А. Воротилова, М.Б. Пономарева, А.А. Вагин _gФедеральное агентство по образованию, Волгоградский гос. технический ун-т |
|
| 210 |
_aВолгоград _cВолгГТУ _d2009 |
||
| 215 |
_a277, [1] с. _cил., табл. _d21 |
||
| 320 | _aБиблиогр.: с. 265-276 | ||
| 606 | 1 |
_aМаркетинг _91262222 _3RU\NLR\auth\66200829 |
|
| 606 | 1 |
_aПредприятия _xКонкурентоспособность _xУправление _92358717 _3RU\NLR\auth\661408683 |
|
| 610 | 0 | _aЭкономика -- Российская Федерация -- Торговля -- Маркетинг | |
| 610 | 0 | _aЭкономика -- Российская Федерация -- Предпринимательство -- Конкуренция | |
| 686 |
_aУ9(2)421.0-56,0 _2rubbk |
||
| 686 |
_aУ9(2)29-13,0 _2rubbk |
||
| 686 | _aУ5-361.4 | ||
| 686 | _aУ5-13-21 | ||
| 701 | 1 |
_aИванюк _bИ. А. _gИрина Александровна _4070 |
|
| 701 | 1 |
_aВоротилова _bО. А. _gОльга Александровна _4070 |
|
| 701 | 1 |
_4070 _8rus _7ca _aПономарева _bМ. Б. _cканд. экон. наук _gМарина Борисовна _3RU\NLR\auth\7794464 _977390 |
|
| 701 | 1 |
_aВагин _bА. А. _gАлександр Александрович _4070 |
|
| 801 | 0 |
_aRU _bРГБ _c20100809 _grcr |
|
| 801 | 1 |
_aRU _bРГБ _c20100809 |
|
| 801 | 2 |
_aRU _bNLR _c20100920 _grcr |
|
| 830 | _aпо кн | ||
| 942 | _cBOOK | ||
| 980 | _aNB | ||
| 980 | _aNBR | ||